Arsenal FC Quiz #1 - Statistics

General Stats
  • This quiz has been taken 14 times
  • The average score is 5 of 10
Answer Stats
Question Answer % Correct
Which one of these 4 managers is a former Arsenal manager? Unai Emery
92%
On April 21st 2009 Arsenal played Liverpool at Anfield drawing 4-4, which player scored 4 goals for Arsenal? Andrey Arshavin
83%
Arsenal has won 14 FA Cups, how many did they win in the 20th century? 7
67%
How many English League Cups EFL Cups has Arsenal won? 2
58%
Against which team did Arsenal win 4-0 in the 2014/15 FA Cup Final? Aston Villa
58%
How many goals did Mesut Ozil score for Arsenal? 44
50%
From August 1992 to May 2025, 33 Premier League seasons, how many times has Arsenal finished in 2nd place? 9
50%
How many trophies did Arsene Wenger win at Arsenal? 17
33%
Who holds Arsenal's all time record appearances with 722 matches? David O'Leary
25%
Against which team did Thierry Henry score his first ever Arsenal goal? Southampton
17%
No matching quizzes found
Score Distribution
Percent of People with Each Score
Percentile by Number Answered
Your Score History
You have not taken this quiz